000 00548nam a2200181Ia 4500
005 20260120124358.0
008 008 260114s9999 xx 000 0 eng d
020 _a9781803821603
037 _aEBOOK
040 _aCRL
_beng
_cCRL
041 _aeng
_2eng
084 _qCRL
245 0 _aConstruction Supply Chain Management in the Fourth Industrial Revolution Era
260 _bEmerald Publishing
_c2022
856 _uhttps://www.emerald.com/insight/publication/doi/10.1108/9781803821597
942 _cEBOOK
999 _c1497390
_d1497390